000
00303nam a2200133Ia 4500
008
231017s9999 xx 000 0 und d
082
_a
691.2
082
_b
BEE
245
0
_a
Concise eurocode for the design of concrete buildings
245
0
_c
BSI
260
_b
BSI
300
_c
30cm
942
_c
REP
999
_c
606709
_d
606709